00913nam a22002537a 45000010005000000030006000050050017000110080041000280200018000690400029000870500013001160820010001291000024001392450070001632500033002332600041002663000049003075050008003565200202003645210020005665210020005866500019006067000034006254499FISKH20240912105252.0240912b cb ||||| |||| 00| 0 eng d a9781570916366 aFISKHbengcFISKHdFISKH aPZ7.R429 a813.6 aRies, Lorieauthor  aAggie the brave /cby Lori Ries : illustrated by Frank W. Dormer  aFirst paperback edition 2012 aSingapore : bCharlesbridge ;c2010. a48 pages : bcolor illustrations ;c23 cm .  aG  aAlthough Ben is worried about his dog Aggie when the veterinarian spays her and while she recovers, he laughs at her problems with the cone she must wear on her head until her stitches are removed.8 a390 bLexile 8 aG bRaz-Plus  adogs vfiction aDormer, Frank Weillustrator